TUPE (Record no. 103144)

MARC details
000 -LEADER
fixed length control field 01444cam a2200277 4500
001 - CONTROL NUMBER
control field L124096
008 - FIXED-LENGTH DATA ELEMENTS--GENERAL INFORMATION
fixed length control field 031028n2004 000 0 eng u
020 ## - INTERNATIONAL STANDARD BOOK NUMBER
International Standard Book Number 0853088624
035 ## - SYSTEM CONTROL NUMBER
System control number (Sirsi) u124096
041 0# - LANGUAGE CODE
Language code of text/sound track or separate title eng
050 04 - LIBRARY OF CONGRESS CALL NUMBER
Classification number 346.411024 $2 18
100 1# - MAIN ENTRY--PERSONAL NAME
Personal name Upex, Robert
245 00 - TITLE STATEMENT
Title TUPE
Remainder of title law and practice
260 ## - PUBLICATION, DISTRIBUTION, ETC.
Place of publication, distribution, etc. Chippenham, Wilts
Name of publisher, distributor, etc. Jordans
Date of publication, distribution, etc. 2004
300 ## - PHYSICAL DESCRIPTION
Extent xxvii, 415p.
Dimensions 26cm.
505 0# - FORMATTED CONTENTS NOTE
Formatted contents note When does TUPE apply -- The effect of a transfer of an undertaking -- Dismissals and issues arising in connection with the transfer -- Information transfer and employee consultation
520 ## - SUMMARY, ETC.
Summary, etc. An account of the legal framework of Transfer of Undertakings, Protection of Employment (TUPE) law following the implementation of the 2006 regulations. Discusses how the new TUPE regulations simplify this area of law, and can provide greater certainty for all parties to the transfer. Appendices include the full text of all relevant regulations, the European Directive, as well as the Cabinet Office Statement of Practice on Staff Transfers in the Public Sector.
590 ## - LOCAL NOTE (RLIN)
Local note KA
650 24 - SUBJECT ADDED ENTRY--TOPICAL TERM
Topical term or geographic name entry element TRANSFER OF UNDERTAKINGS (PROTECTION OF EMPLOYMENT) REGULATIONS 2006
650 24 - SUBJECT ADDED ENTRY--TOPICAL TERM
Topical term or geographic name entry element TRANSFER OF EMPLOYMENT (PENSION PROTECTION) REGULATIONS 2005
650 24 - SUBJECT ADDED ENTRY--TOPICAL TERM
Topical term or geographic name entry element PENSIONS ACT 2004
651 #4 - SUBJECT ADDED ENTRY--GEOGRAPHIC NAME
Geographic name United Kingdom
Chronological subdivision
690 ## - LOCAL SUBJECT ADDED ENTRY--TOPICAL TERM (OCLC, RLIN)
Topical term or geographic name as entry element MANAGEMENT-BUSINESS MANAGEMENT-HUMAN RESOURCE MANAGEMENT
700 1# - ADDED ENTRY--PERSONAL NAME
Personal name Ryley, Michael
942 ## - ADDED ENTRY ELEMENTS (KOHA)
Suppress in OPAC 0
Holdings
Withdrawn status Lost status Source of classification or shelving scheme Damaged status Not for loan Home library Current library Shelving location Date acquired Cost, normal purchase price Total Checkouts Full call number Barcode Date last seen Date last checked out Copy number Cost, replacement price Price effective from Koha item type
    Other/Generic Classification Scheme     London London Books 02/01/2007 70.00 1 346.411024 UPE 30073542 06/08/2019 27/11/2008 1 70.00 06/08/2019 Book